000 00993cam a22002894a 4500
001 j 65001483
003 DLC
005 20260227111520.0
008 100702s1935 ja 000 0 jpn
010 _aj 65001483
040 _aDLC
_cDLC
_dDLC
043 _aa-ja---
050 0 0 _aKNX2070
_b.M56247 1935
066 _c$1
100 1 _6880-01
_aMinobe, Tatsukichi,
_d1873-1948.
245 1 0 _6880-02
_aNihon Kenpō no kihon shugi /
_cMinobe Tatsukichi cho.
240 1 0 _6880-03
_a3-han.
260 _6880-04
_aTōkyō :
_bNihon Hyōronsha,
_cShōwa 10 [1935]
300 _a4, 4, 206 p. ;
_c23 cm.
490 0 _6880-05
_aMinobe Tatsukichi ronbunshū ;
_vdai 1-kan
650 0 _aConstitutional law
_zJapan.
880 1 _6100-01
_a美濃部達吉,
_d1873-1948.
880 1 0 _6245-02
_a日本憲法の基本主義 /
_c美濃部達吉著.
880 1 0 _6240-03/$1
_a3版 .
880 _6260-04
_a東京 :
_b日本評論社,
_c昭和10 [1935]
880 0 _6490-05
_a美濃部達吉論文集 ;
_v第 1卷
999 _c35007
_d35007